Wat zijn de 10 Zwitserse steden met de meeste inwoners? - Statistieken

Algemene statistieken
  • Deze quiz is 49 keer genomen
  • De gemiddelde score is 7 van 10
Antwoordstatistieken
Inwoners Antwoord % Correct
133.691 Bern
97%
415.215 Zürich
97%
201.441 Genève
94%
177.595 Bazel
92%
139.056 Lausanne
81%
81.673 Luzern
61%
75.806 Sankt Gallen
42%
63.178 Lugano
39%
111.840 Winterthur
33%
55.120 Biel
28%
Geen overeenkomende quizzen gevonden
Scoreverdeling
Procent van Mensen met Elke Score
Percentiel versus Aantal Correcte Antwoorden
Uw Scoregeschiedenis
U heeft deze quiz nog niet genomen